00450nam a2200133Ia 4500082001200000100002400012245008100036260006000117300000800177504004100185650002900226650004000255650002100295 aRP.0265 aPattayat, Priyanath 0aOrganising the unorganised: a case study of female domestic workers in Delhi c0bIndian Council of Social Science Research, New Delhi a116 aincludes appendices and bibliography aWomenvEmploymentzDelhi aWomenvSocio-economic statuszDelhi aDomesticszDelhi